00996nam a22002057a 4500003000900000005001700009007000300026008004100029040002500070082002100095111012200116245010300238260009500341300003700436500004800473501005500521611010300576650005000679650006100729DO-SdBNP20220120143658.0ta220120b2017 aa||g |||| 001 0 spa d aDO-SdBNPbspacBNPHU4 222a021.7bF356r10aFeria Internacional del Libro Santo Domingo c(Santo Domingo, Rep. Dom.d20016 : 19 septiembre - 02 octubre)n(19ª :10aXIX Feria Internacional del Libro Santo Domingo 2016 :bPrograma ; Tema: La diaspora dominicana / aSanto Domingo :bMinisterio de Cultura bDirección General de la Feria del Libro,c2016. a210 p. : bil. ; retrs. ;c21 cm aDedicada a Salomé Ureña de Henríquez. aPaís invitado de honor : República Dominicana. aFeria internacional del Libroc(19 :d2016xProgramasy2016zSanto Domingo, República Dominicana4 aFeria del libroy2016zRepública Dominicana4 aFeria del libroxProgramasy2016zRepública Dominicana